000 00445nam a2200169Ia 4500
008 191130s2005##################000#0#eng##
020 _a256475954
040 _aACL
_cACL
082 _a330 LEW
245 _aEconomics
_cInstructor : Randall Lewis
260 _aNew York
_bMcGraw-Hill Primis
_cc2005
300 _aiii, 258 p. : ill
650 _aEconomics
990 _ad94e698bac10000c233231ce85e6201a
991 _a38891
999 _c258012
_d258012